Silk flowers for every season
| Main Author: | |
|---|---|
| Format: | Book |
| Published: |
Ohio :
North Light Books ,
2006
|
| Subjects: |
MARC
| LEADER | 00000cam a2200000 7i4500 | ||
|---|---|---|---|
| 001 | 0000014403 | ||
| 005 | 20080319.0 | ||
| 008 | 080229 | ||
| 020 | |a 1581807104 | ||
| 090 | 0 | 0 | |a 745.92 |b FLO |
| 100 | 1 | |a Flowers, Diane D | |
| 245 | 1 | 0 | |a Silk flowers for every season |c Diane D. Flowers |
| 260 | |a Ohio : |b North Light Books , |c 2006 | ||
| 650 | 0 | |a Silk flower arrangement | |
| 650 | 0 | |a Wire craft | |
| 999 | |a 0001013910 |b Book |c Adult Collection |e Perbadanan Perpustakaan Awam Johor | ||